000 00271nam a2200109Ia 4500
008 220204s9999 xx 000 0 und d
082 _a065
_bJOS;1
100 _aS D
245 0 _aManagement: An exercise in positive living
260 _aBombay
_bSamaiya
_c1978
942 _cBK
999 _c31737
_d31737